000 005300000a22001930004500
001 001129
003 MACL
005 20150814173549.0
008 150814b xxu||||| |||| 00| 0 eng d
040 _aMACL
_cMACL
041 _aEnglish
082 _a500/KUM
100 _aKumar, Arvind
_95732
245 _aChaos, Fractals And Self Organisation
_bNew Perspectives on Complexity in Nature
_cArvind Kumar
260 _aNew Delhi
_c1996
_bNational Book Trust India,
350 _a50
650 _aSceince
_95733
942 _k500
_cBK
_2ddc
999 _c1124
_d1124